| 000 | 00665cam a2200229 a 4500 | ||
|---|---|---|---|
| 001 | 15621075 | ||
| 005 | 20180309083740.0 | ||
| 008 | 090211s2010 maua 001 0 eng | ||
| 010 | _a 2009004512 | ||
| 020 | _a9781934015292 | ||
| 035 | _a(OCoLC)ocn225874152 | ||
| 040 |
_aDLC _cDLC _dBTCTA _dBAKER _dYDXCP _dC#P _dBWX _dDLC |
||
| 041 | _aeng | ||
| 080 | _a621 HEG | ||
| 082 | 0 | 0 |
_a621 HEG _222 |
| 100 | 1 | _a27 | |
| 101 | _aMEK | ||
| 245 | 1 | 0 |
_aMechatronics / _cGanesh S. Hegde. |
| 906 |
_a7 _bcbc _corignew _d1 _eecip _f20 _gy-gencatlg |
||
| 942 |
_2ddc _cBK |
||
| 999 |
_c44617 _d44617 |
||